| 000 | 00432nam a2200181Ia 4500 | ||
|---|---|---|---|
| 001 | 19401 | ||
| 005 | 20260306172650.0 | ||
| 008 | 260306t2002||||xx |||||||||||||| ||spa|| | ||
| 041 | _aESP | ||
| 082 |
_a659.1 _bR56 2002 |
||
| 100 |
_aRies, Al _eAUT |
||
| 245 | 0 |
_aPosicionamiento: _bla batalla por su mente |
|
| 260 | _c2002 | ||
| 300 |
_a246 páginas : _c24 cm. |
||
| 650 | _aGEN | ||
| 654 | _aCAN | ||
| 942 |
_cLIB _dJUS _fJUS _2ddc _n |
||
| 999 |
_c19401 _d19401 |
||